The serpent's revenge: (Record no. 157600)
[ view plain ]
| 000 -LEADER | |
|---|---|
| fixed length control field | 00935nam a22002417a 4500 |
| 005 - DATE AND TIME OF LATEST TRANSACTION | |
| control field | 20190916152654.0 |
| 010 ## - LCCN (DPL NO) | |
| LC control number | B-706476 |
| 020 ## - INTERNATIONAL STANDARD BOOK NUMBER | |
| International Standard Book Number | 9780143427858 |
| Terms of availability | 250.00 |
| 035 ## - SYSTEM CONTROL NUMBER | |
| System control number | B-706476 |
| 035 ## - SYSTEM CONTROL NUMBER | |
| System control number | B-729994 |
| 037 ## - SOURCE OF ACQUISITION | |
| Source of stock number/acquisition | Puffin Books |
| 082 ## - DEWEY DECIMAL CLASSIFICATION NUMBER | |
| Classification number | S |
| 100 ## - MAIN ENTRY--PERSONAL NAME | |
| Personal name | Murty, Sudha |
| 245 ## - TITLE STATEMENT | |
| Title | The serpent's revenge: |
| Remainder of title | unusual tales from the Mahabharata / |
| Statement of responsibility, etc | Sudha Murty |
| 260 ## - PUBLICATION, DISTRIBUTION, ETC. (IMPRINT) | |
| Place of publication, distribution, etc | Gurgaon |
| Name of publisher, distributor, etc | Puffin Books |
| Date of publication, distribution, etc | 2016 |
| 270 ## - ADDRESS | |
| Address | 7th Floor, Infinity Tower C, DLF Cyber City |
| City | Gurgaon (Haryana) |
| Postal code | 122002 |
| 300 ## - PHYSICAL DESCRIPTION | |
| Extent | 182p. |
| Dimensions | 20 cm(pbk) |
| 500 ## - GENERAL NOTE | |
| General note | includes glossary |
| 700 ## - ADDED ENTRY--PERSONAL NAME | |
| Personal name | Gupta, Priyankar |
| 942 ## - ADDED ENTRY ELEMENTS (KOHA) | |
| Source of classification or shelving scheme | Dewey Decimal Classification |
| Item type | Children Books |
| Classification part | S |
| Call number suffix | MUR |
| Withdrawn status | Lost status | Not for loan | Collection code | Home library | Current library | Date acquired | Source of acquisition | Cost, normal purchase price | Full call number | Barcode | Copy number | Cost, replacement price | Koha item type | Public note |
|---|---|---|---|---|---|---|---|---|---|---|---|---|---|---|
| Fiction | Central Library | Central Library | 20/09/2018 | Gift /Eng /14.09.2018 | 250.00 | S MUR | B-706476 | 1 | 250.00 | Children Books | Issued to Staff (P. No. 65-66) | |||
| Fiction | Sarojini Nagar | Sarojini Nagar | 17/09/2019 | Gift /Eng /13.09.2019 | 250.00 | S MUR | B-729994 | 1 | 250.00 | Children Books |
